Microbiology / (Record no. 14011)
[ view plain ]
| 000 -LEADER | |
|---|---|
| fixed length control field | 01129cam a22002294a 4500 |
| 020 ## - INTERNATIONAL STANDARD BOOK NUMBER | |
| ISBN | 9780415607704 (pbk.) |
| 082 00 - DEWEY DECIMAL CLASSIFICATION NUMBER | |
| Classification number | 579 |
| Item number | BAK/MI |
| 100 1# - MAIN ENTRY--AUTHOR NAME | |
| Personal name | Baker, Simon, |
| 245 10 - TITLE STATEMENT | |
| Title | Microbiology / |
| 250 ## - EDITION STATEMENT | |
| Edition statement | 4th ed. |
| 260 ## - PUBLICATION, DISTRIBUTION, ETC. (IMPRINT) | |
| Place of publication | New York : |
| Name of publisher | Garland Science, |
| Year of publication | c2011. |
| 300 ## - PHYSICAL DESCRIPTION | |
| Number of Pages | viii, 352 p. : |
| Other physical details | ill. ; |
| 490 1# - SERIES STATEMENT | |
| Series statement | BIOS instant notes |
| 500 ## - GENERAL NOTE | |
| General note | Rev. ed. of: Microbiology / S. Baker ... [et al.]. 3rd ed. 2007. |
| 520 ## - SUMMARY, ETC. | |
| Summary, etc | "BIOS Instant Notes in Microbiology, fourth edition, is a concise microbiology textbook for undergraduates. All of the important areas of microbiology are covered in a format that is ideal for learning and rapid revision. Each topic begins with a summary of the essential facts-an ideal revision checklist-followed by a description of the subject that focuses on the core information, with clear simple diagrams that are easy for students to understand and recall in essays and examinations"--Provided by publisher. |
| 650 #0 - SUBJECT ADDED ENTRY--TOPICAL TERM | |
| Topical Term | Microbiology |
| 650 12 - SUBJECT ADDED ENTRY--TOPICAL TERM | |
| Topical Term | Microbiology |
| 650 22 - SUBJECT ADDED ENTRY--TOPICAL TERM | |
| Topical Term | Microbiological Processes |
| 700 1# - ADDED ENTRY--PERSONAL NAME | |
| Personal name | Nicklin, J. |
| 700 1# - ADDED ENTRY--PERSONAL NAME | |
| Personal name | Griffiths, Caroline. |
| 942 ## - ADDED ENTRY ELEMENTS (KOHA) | |
| Koha item type | Books |
| Withdrawn status | Lost status | Damaged status | Collection code | Home library | Current library | Shelving location | Date acquired | Source of acquisition | Cost, normal purchase price | Full call number | Accession Number | Koha item type |
|---|---|---|---|---|---|---|---|---|---|---|---|---|
| Non-fiction | KAUAET | KAUAET | General Stacks | 30/03/2013 | Univeral Reserch books, Trichur | 395.00 | 579 BAK/MI | 23930 | Books |
